New Items In Metroid: Zero Mission And Metroid: Samus Returns - Statistics

General Stats
  • This quiz has been taken 10 times
  • The average score is 7 of 17
Answer Stats
Game(s) Item % Correct
Both Gravity Suit
89%
Zero Mission Plasma Beam
78%
Zero Mission Power Grip
67%
Zero Mission Space Jump
67%
Samus Returns Grapple Beam
56%
Both Power Bomb
56%
Samus Returns Scan Pulse
56%
Both Charge Beam
44%
Zero Mission Spring Ball
44%
Both Super Missile
44%
Zero Mission Speed Booster
33%
Samus Returns Beam Burst
22%
Samus Returns Lightning Armor
22%
Samus Returns Phase Drift
22%
Zero Mission Zero Suit
22%
Samus Returns Fusion Suit
11%
Zero Mission Paralyzer
11%
No matching quizzes found
Score Distribution
Percent of People with Each Score
Percentile by Number Answered
Your Score History
You have not taken this quiz